1023 1584 1727 1926 1419 1159 1923 1665 1374 1310 1999 1893 1702 1747 1006 1845 1059 1285 1661 1966 1126 1058 1752 1797 1116 1617 1147 1714 1666 1062 1291 1704 1336 1136 1199 1077 1227 1375 1860 1105 1279 1091 1230 1275 1266 1569 1244 1908 1260 1578 1146 1786 1791 1352 1331 1627 1179 1036 1523 1305 1649 1345 1146 1473 1296 1867 1706 1815 1812 1148 1625 1754 1492 1214 1101 1803 1394 1644 1400 1947 1168 1138 1465 1371 1121 1420 1294 1551 1965 1801 1285 1817 1752 1218 1577 1849 1978 1620 1941 BCNSPRNW ULIB Ver.6.0+V

เปลี่ยนเป็นภาษาไทย

Change to English
 แสดงรายละเอียดบรรณานุกรม
  กลับหน้าหลัก

Brief Record : Get Marc (ISO 2709) : E-mail record : QR code < ปิดหน้าต่าง
LEADER : 00000nam 2200000uu 4500
001    13399113374
003     ULIB
008    111109s2553||||th 000 0 tha d
020    9746435639(ล.1)
060  4 QZ140^bพ218 ล.1
110 1  มหาวิทยาลัยสุโขทัยธรรมาธิราช^bสาขาวิชาพยาบาลศาสตร์
245 00 เอกสารการสอนชุดวิชา พยาธิสรีรวิทยาและคลินิกสำหรับพยาบาล หน่วยที่1-5=^bPathophysiology and Clinical pharmacology for nurse/^cมหาวิทยาลัยสุโขทัยธรรมาธิราช
246 0  Pathophysiology and Clinical pharmacology for nurse
250    พิมพ์ครั้งที่ 14
260    นนทบุรี:^bศูนย์หนังสือมหาวิทยาลัยสุโขทัยธรรมาธิราช,^c2553
300    468 หน้า
650  7 พยาธิสรีรวิทยา
650  7 เภสัชวิทยา^xคลินิก
650  7 ยา
945    ^p0^l0^i18361
945    ^p0^l0^i18415
995    กัณชพร
999    ^aใช้งานได้ทุกระบบ
รายการนี้ยังไม่มีแท็ก
คุณยังไม่ได้ล็อกอิน คุณสามารถมีกิจกรรมร่วมกับเว็บไซต์ได้ แต่ต้องล็อกอินก่อน ::
  ล็อกอิน

รายการสื่อสารสนเทศ

ลำดับที่ ประเภท เลขเรียก/บาร์โค้ด สถานที่ สถานะ
- ไม่พบข้อมูล -

รายการใกล้เคียง
    หัวเรื่อง [พยาธิสรีรวิทยา]
    หัวเรื่อง [ยา]

BibComment


ยังไม่เคยถูกคอมเมนท์

คอมเมนท์ทรัพยากรรายการนี้
  คอมเมนท์: เอกสารการสอนชุดวิ..


 Copyright 2026. Bcnsprnw @Library